"Heat or Eat" – dilema energeticky chudobných domácností v identifikovaných regiónoch a lokalitách

V súčasnosti sa čoraz viac domácností musí rozhodovať medzi vykurovaním a stravovaním, ktoré predstavujú najväčšie výdavkové položky v krajinách EÚ. Alternatívny prístup k monitorovaniu rôznych úrovní energetickej chudoby na Slovensku v rôznych geografických mierkach. Odpovede na tri výskumné otázky...

ver descrição completa

Na minha lista:
Detalhes bibliográficos
Autor principal: Michálek, Anton
Formato: Capítulo de Livro
Idioma:eslovaco
Assuntos:
Tags: Adicionar Tag
Sem tags, seja o primeiro a adicionar uma tag!

MARC

LEADER 00000naa a2200000 4500
001 0297119
005 20231114094457.6
041 0 |a slo 
044 |a SK 
245 1 0 |a "Heat or Eat" – dilema energeticky chudobných domácností v identifikovaných regiónoch a lokalitách  |c Anton Michálek 
520 |a V súčasnosti sa čoraz viac domácností musí rozhodovať medzi vykurovaním a stravovaním, ktoré predstavujú najväčšie výdavkové položky v krajinách EÚ. Alternatívny prístup k monitorovaniu rôznych úrovní energetickej chudoby na Slovensku v rôznych geografických mierkach. Odpovede na tri výskumné otázky: kde, v ktorých regiónoch a obciach, je najvyššia úroveň energetickej chudoby, aké sú hlavné faktory a rozdiely podmieňujúce ich nepriaznivú situáciu a kto sú hlavní nositelia energetickej chudoby. Výsledky ukázali, že Slovensko má najvyššie výdavky na energie zo všetkých krajín EÚ. Na regionálnej úrovni NUTS 3 sú zraniteľné tri regióny. Analýzy na regionálnej úrovni odhalili významné rozdiely medzi okresmi a obcami. Na základe toho boli identifikované okresy a obce s najvyššou úrovňou energetickej chudoby, ako aj jej hlavní nositelia. 
610 2 0 |a Slovensko 
610 2 0 |a regióny 
610 2 0 |a domácnosti 
610 2 0 |a chudoba energetická 
610 2 0 |a výdavky domácností 
610 2 0 |a ceny 
610 2 0 |a energia elektrická 
100 1 |a Michálek, Anton